000 01322nam a2200265Ia 4500
999 _c49435
_d49435
001 16358
003 GE_BSU
005 20250618164920.0
008 181216s2014||||ge |||||||||||||| ||geo||
020 _a9789941100451
040 _cGE_BSU
080 _a343(479.22)(075.8)
100 _4ლეკვეიშვილი, მზია
245 _aსისხლის სამართლის კერძო ნაწილი :
_bსახელმძღვ.წ. 1 /
_cმზია ლეკვეიშვილი, ნონა თოდუა, გოჩა მამულაშვილი; რედ: გოჩა მამულაშვილი, მარიამ ინასარიძე.
250 _aმე-5გამოცემა
264 _aთბილისი :
_bმერიდიანი,
_c2014.
300 _a848 გვ.;
_b20 სმ.
541 _h25ლ.
653 _aსამართალი
700 _aთოდუა, ნონა
_eავტორი
_95363
700 _aმამულაშვილი, გოჩა
_eავტორი
_925460
700 _aმამულაშვილი, გოჩა
_eრედაქტორი
_925460
700 _aინასარიძე, მარიამ
_eრედაქტორი
_916655
942 _cBK
_2udc